<?xml version="1.0" encoding="UTF-8"?>
<marc:record xmlns:marc="http://www.loc.gov/MARC21/slim">
   <marc:leader>00000nam a2200000 a 4500</marc:leader>
   <marc:datafield ind1="1" ind2=" " tag="100">
      <marc:subfield code="a">Ngonyani, Agatha</marc:subfield>
      <marc:subfield code="4">ctb</marc:subfield>
      <marc:subfield code="e">Mitwirkende/-r</marc:subfield>
   </marc:datafield>
   <marc:datafield ind1="1" ind2=" " tag="100">
      <marc:subfield code="a">Flad, Antje</marc:subfield>
      <marc:subfield code="4">ctb</marc:subfield>
      <marc:subfield code="e">Mitwirkende/-r</marc:subfield>
   </marc:datafield>
   <marc:datafield ind1="0" ind2="0" tag="245">
      <marc:subfield code="a">Mwangaza und die Geschichte mit dem Zahn</marc:subfield>
   </marc:datafield>
   <marc:datafield ind1="0" ind2="0" tag="245">
      <marc:subfield code="b">eine Geschichte</marc:subfield>
   </marc:datafield>
   <marc:datafield ind1="0" ind2="0" tag="245">
      <marc:subfield code="c">von Agatha Ngonyani. Mit Bildern von Antje Flad</marc:subfield>
   </marc:datafield>
   <marc:datafield ind1=" " ind2="1" tag="264">
      <marc:subfield code="a">Hamburg</marc:subfield>
      <marc:subfield code="b">Carlsen</marc:subfield>
   </marc:datafield>
   <marc:datafield ind1="1" ind2=" " tag="490">
      <marc:subfield code="a">Lesemaus</marc:subfield>
      <marc:subfield code="v">Bd. 192</marc:subfield>
   </marc:datafield>
   <marc:datafield ind1="1" ind2=" " tag="520">
      <marc:subfield code="a">Angaben aus der Verlagsmeldung

LESEMAUS, Band 192: Mwangaza und die Geschichte mit dem Zahn / von Agatha Ngonyani

Bald soll Mwangaza im Kindergarten eine Geschichte erzählen.
Zum Glück ist in seiner Familie immer etwas los, denn er hat fünf Schwestern.
Eines Abends verliert seine große Schwester Amami einen Wackelzahn.
Warum bei Mwangaza und seiner Familie nicht die Zahnfee kommt,
sondern der Rabe Kunguru, erfahren Kinder in diesem Bilderbuch.

Eine Geschichte über den Kinderalltag in einer afrikanischen Familie,
die in Deutschland lebt. Mit einem Grußwort von Denenesch Zoudé.

In der Reihe "Alle Kinder dieser Welt" sind noch weitere spannende Sachgeschichten
über den Alltag von Kindern aus verschiedenen Kulturen erschienen.
</marc:subfield>
   </marc:datafield>
   <marc:datafield ind1=" " ind2=" " tag="020">
      <marc:subfield code="a">9783551086921</marc:subfield>
      <marc:subfield code="9">9783551086921</marc:subfield>
   </marc:datafield>
   <marc:datafield ind1=" " ind2=" " tag="041">
      <marc:subfield code="a">ger</marc:subfield>
   </marc:datafield>
   <marc:datafield ind1=" " ind2=" " tag="300">
      <marc:subfield code="a">24] S.</marc:subfield>
   </marc:datafield>
</marc:record>
